| 000 | 01445nam a2200385Ma 4500 | ||
|---|---|---|---|
| 999 |
_c29144 _d29115 |
||
| 001 | ocm82438674 | ||
| 003 | EG-ScBUE | ||
| 005 | 20210601102337.0 | ||
| 008 | 070122s2008 sp a f b 000 0 eng d | ||
| 020 | _a8496540502 | ||
| 020 | _a9788496540507 | ||
| 029 | 1 |
_aYDXCP _b2522898 |
|
| 035 | _a(OCoLC)ocm82438674 | ||
| 040 |
_aHLS _beng _erda _cHLS _dBAKER _dYDXCP _dEG-ScBUE |
||
| 082 | 0 | 4 |
_a729.5 _bFUN _222 |
| 245 | 0 | 4 |
_aThe function of ornament / _cedited by Farshid Moussavi and Michael Kubo ; with drawings by J. Seth Hoffman [and three others] |
| 264 | 1 |
_aBarcelona : _bActor, _c2008. |
|
| 300 |
_a189 pages : _bchiefly illustrations ; _c23 cm |
||
| 336 |
_2rdacontent _atext _btxt |
||
| 337 |
_2rdamedia _aunmediated _bn |
||
| 338 |
_2rdacarrier _avolume _bnc |
||
| 500 | _a"The drawings of in this book are entirely the work and interpretation of students at the Harvard University Graduate School of Design."--colophon. | ||
| 504 | _aIncludes bibliographical references. | ||
| 650 | 7 |
_aDecoration and ornament, Architectural. _2BUEsh |
|
| 650 | 7 |
_aArchitectural design. _2BUEsh |
|
| 650 | 7 |
_aArchitecture, Modern _xDetails. _2BUEsh |
|
| 650 | 7 |
_aBuilding _xDetails. _2BUEsh |
|
| 650 | 7 |
_aCurtain walls. _2BUEsh |
|
| 653 |
_bENGARC _cJune2021 |
||
| 655 |
_vReading book _934232 |
||
| 700 | 1 |
_aMoussavi, Farshid, _eeditor. _921456 |
|
| 700 | 1 |
_aKubo, Michael, _eeditor. |
|
| 700 | 1 |
_aHoffman, J. Seth, _edesigner. |
|
| 942 |
_2ddc _cBB |
||